Größte Städte an der Ruhr - Statistiken

Allgemein
  • Dieses Quiz wurde 132 mal gespielt
  • Das Durchschnittsergebnis liegt bei 11 aus 20
Antwortstatistiken
Einwohner Kreis Stadt % Korrekt
582.760 kreisfrei Essen
98%
588.250 kreisfrei Dortmund
97%
498.686 kreisfrei Duisburg
95%
365.587 kreisfrei Bochum
92%
170.632 kreisfrei Mülheim an der Ruhr
86%
210.764 kreisfrei Oberhausen
82%
188.686 kreisfrei Hagen
74%
96.459 Ennepe-Ruhr-Kreis Witten
61%
92.174 Märkischer Kreis Iserlohn
52%
54.438 Ennepe-Ruhr-Kreis Hattingen
49%
73.456 Hochsauerlandkreis Arnsberg
42%
46.195 Unna Schwerte
41%
27.392 Ennepe-Ruhr-Kreis Wetter (Ruhr)
39%
29.786 Hochsauerlandkreis Meschede
35%
22.755 Ennepe-Ruhr-Kreis Herdecke
28%
52.608 Märkischer Kreis Menden (Sauerland)
28%
17.076 Unna Holzwickede
26%
20.760 Unna Fröndenberg/Ruhr
25%
12.682 Soest Wickede (Ruhr)
23%
14.430 Hochsauerlandkreis Olsberg
18%
Keine übereinstimmenden Quizze gefunden
Verteilung der Resultate
Anzahl Personen mit jedem Resultat
Perzentil nach korrekt beantworteten Fragen
Ihre Resultats-Entwicklung
Sie haben dieses Quiz noch nicht gespielt